000 01516nam a2200289Ia 4500
001 ebr10594218
003 CaPaEBR
006 m u
007 cr cn|||||||||
008 120723s2012 dcuab sb 100 0 eng d
020 _z9780309219662
020 _z9780309219679
040 _aCaPaEBR
_cCaPaEBR
035 _a(OCoLC)811408121
050 1 4 _aRC311.1
_b.F33 2012eb
245 0 0 _aFacing the reality of drug-resistant tuberculosis
_h[electronic resource] :
_bchallenges and potential solutions in India : summary of a joint workshop /
_cby the Institute of Medicine, the Indian National Science Academy, and the Indian Council of Medical Research ; Steve Olson ... [et al.], rapporteurs ; Forum on Drug Discovery, Development, and Translation, Board on Health Sciences Policy, Institute of Medicine of the National Academies.
260 _aWashington, D.C. :
_bNational Academies Press,
_c2012.
300 _axix, 165 p. :
_bill. (chiefly col.), col. maps.
504 _aIncludes bibliographical references.
533 _aElectronic reproduction.
_bPalo Alto, Calif. :
_cebrary,
_d2011.
_nAvailable via World Wide Web.
_nAccess may be limited to ebrary affiliated libraries.
650 0 _aMultidrug-resistant tuberculosis.
650 0 _aAntitubercular agents.
655 7 _aElectronic books.
_2local
700 1 _aOlson, Steve,
_d1956-
710 2 _aebrary, Inc.
856 4 0 _uhttp://site.ebrary.com/lib/rucke/Doc?id=10594218
_zAn electronic book accessible through the World Wide Web; click to view
999 _c111412
_d111412